Gli obiettivi per la salute a Bologna 1995/1997 /

Guardat en:
Dades bibliogràfiques
Autor corporatiu: Bologna. Settore Socio-sanitario (Autor)
Format: Llibre
Idioma:italià
Publicat: Bologna : Comyune di Bologna, 1995
Etiquetes: Afegir etiqueta
Sense etiquetes, Sigues el primer a etiquetar aquest registre!

MARC

LEADER 00000nam a22000001i 4500
001 IT\ICCU\RER\0039448
003 ItRI
005 20260115232434.0
008 990708s1995 it |||||| ||||| |||||c
040 |b ita  |c importazione bologna sebina 
041 7 |a ita  |2 ISO-639-2 
110 2 |a Bologna.  |b Settore Socio-sanitario  |0 IT\ICCU\RERV\025677  |4 aut 
245 0 4 |a Gli obiettivi per la salute a Bologna 1995/1997 /  |c Comune di Bologna Settore Socio-Sanitario. 
260 |a Bologna :  |b Comyune di Bologna,  |c 1995 
300 |a VI, 230 p. ;  |c 30 cm. 
942 |2 ddc  |c BK  |n 0 
952 |0 0  |1 0  |4 0  |6 DOC_362_109000000000000_COM  |7 0  |9 25783  |a BO  |b BO  |d 2026-01-15  |i 5193  |l 0  |o DOC 362.109 COM  |p BO5193  |r 2026-01-15 23:24:34  |w 2026-01-15  |x [Sebina 7] [1 v.]  |y BK  |z 1 v. 
999 |c 21867  |d 21867